[Event "FIDE World Rapid Team"]
[Site "London ENG"]
[Date "2025.06.12"]
[Round "7.6"]
[White "Jain, Gautam"]
[Black "Morea, Georgiana-Steluta"]
[Result "1-0"]
[WhiteElo "1979"]
[BlackElo "1920"]
[WhiteTeam "English Knightmares"]
[BlackTeam "Sharks 4NCL"]
[WhiteFideId "425311"]
[BlackFideId "1204319"]
[EventDate "2025.06.11"]
[EventType "team"]

1. e4 c5 2. Nc3 e6 3. Bc4 Nc6 4. d3 Nf6 5. Bd2 a6 6. a4 d6 7. f4 d5 8. Ba2 d4 9.
Nce2 g6 10. Nf3 Bg7 11. O-O O-O 12. Qe1 b5 13. Qh4 bxa4 14. Ng3 Rb8 15. f5 exf5
16. exf5 Kh8 17. fxg6 fxg6 18. Ng5 h6 19. Nf7+ Rxf7 20. Bxf7 Ne5 21. Bxh6 Nxf7
22. Bg5+ Kg8 23. Bxf6 Bxf6 24. Rxf6 g5 25. Rg6+ Kf8 26. Qh7 Qd5 27. Re1 Ne5 28.
Qg7+ Ke8 29. Rxe5+ 1-0

[Event "FIDE World Rapid Team"]
[Site "London ENG"]
[Date "2025.06.12"]
[Round "7.1"]
[White "Hansen, Eric"]
[Black "Rakotomaharo, Fy Antenaina"]
[Result "1/2-1/2"]
[WhiteTitle "GM"]
[BlackTitle "IM"]
[WhiteElo "2609"]
[BlackElo "2441"]
[WhiteTeam "ChessbrahTV"]
[BlackTeam "Mother Continent"]
[WhiteFideId "2606771"]
[BlackFideId "13100050"]
[EventDate "2025.06.11"]
[EventType "team"]

1. e4 c5 2. Nf3 e6 3. g3 Nc6 4. Bg2 Nf6 5. Qe2 d6 6. O-O Be7 7. Rd1 e5 8. c3 O-O
9. h3 Re8 10. d4 exd4 11. cxd4 Bf8 12. Nc3 cxd4 13. Nxd4 Nxd4 14. Rxd4 Be6 15.
Qb5 Qc8 16. Bg5 Be7 17. Qf1 Rb8 18. Rad1 b5 19. Nxb5 Qc5 20. Bxf6 Bxf6 21. Rd5
Bxd5 22. Rxd5 Qc2 23. Nxd6 Rxb2 24. Nxe8 Rb1 25. Nxf6+ gxf6 26. Ra5 Rxf1+ 27.
Bxf1 Qxe4 28. Rxa7 f5 29. Rc7 Qb1 30. a4 f4 31. gxf4 Qg6+ 32. Kh2 Qb6 33. Rc8+
Kg7 34. Rc2 Qd4 35. Rc4 Qxf2+ 36. Bg2 h5 37. a5 h4 38. a6 Qa2 39. Rc6 Qa4 40.
Kh1 Qa1+ 41. Kh2 Qd4 42. Kh1 Qa1+ 43. Kh2 Qd4 1/2-1/2

[Event "FIDE World Rapid Team"]
[Site "London ENG"]
[Date "2025.06.12"]
[Round "7.2"]
[White "Wanyama, Harold"]
[Black "Ragnarsson, Dagur"]
[Result "1-0"]
[WhiteTitle "FM"]
[BlackTitle "IM"]
[WhiteElo "2143"]
[BlackElo "2349"]
[WhiteTeam "Mother Continent"]
[BlackTeam "ChessbrahTV"]
[WhiteFideId "10000380"]
[BlackFideId "2304058"]
[EventDate "2025.06.11"]
[EventType "team"]

1. d4 Nf6 2. c4 g6 3. Nc3 d5 4. Bf4 Bg7 5. e3 c5 6. dxc5 Nbd7 7. cxd5 O-O 8. c6
Nb6 9. c7 Qe8 10. Nf3 Bf5 11. Bb5 Bd7 12. Be2 Rc8 13. h3 Na8 14. d6 exd6 15.
Bxd6 Nxc7 16. Bxf8 Qxf8 17. O-O Ne6 18. Rc1 Rd8 19. Qb3 Nc5 20. Qa3 a6 21. Rfd1
Rc8 22. Ne5 Qe8 23. Nxd7 Nfxd7 24. b4 Ne6 25. Nd5 Rb8 26. b5 Bf8 27. Qb2 Bg7 28.
Qd2 Ndc5 29. Qb4 Qf8 30. a4 axb5 31. Bxb5 b6 32. Bf1 Be5 33. Nxb6 Bd6 34. a5 Nd3
35. Qd2 Nxc1 36. Qxd6 Nb3 37. a6 Qxd6 38. Rxd6 Nc7 39. a7 Rb7 40. a8=Q+ Nxa8 41.
Nxa8 Kf8 42. Nb6 Ke7 43. Nc8+ 1-0

[Event "FIDE World Rapid Team"]
[Site "London ENG"]
[Date "2025.06.12"]
[Round "7.3"]
[White "Delaney, Killian"]
[Black "George Samir, David"]
[Result "1/2-1/2"]
[WhiteTitle "FM"]
[BlackTitle "FM"]
[WhiteElo "2275"]
[BlackElo "2356"]
[WhiteTeam "ChessbrahTV"]
[BlackTeam "Mother Continent"]
[WhiteFideId "2501570"]
[BlackFideId "10657789"]
[EventDate "2025.06.11"]
[EventType "team"]

1. c4 e5 2. Nc3 Nf6 3. Nf3 Nc6 4. e3 Bb4 5. Qc2 O-O 6. Nd5 Be7 7. a3 d6 8. b4 e4
9. Nxe7+ Qxe7 10. Nd4 Ne5 11. f4 exf3 12. Nxf3 a5 13. Bb2 Nfg4 14. Be2 Nxf3+ 15.
Bxf3 Ne5 16. O-O h6 17. c5 Be6 18. Bxe5 dxe5 19. Bxb7 Rab8 20. c6 axb4 21. a4 b3
22. Qc3 Rxb7 23. cxb7 Rb8 24. a5 Rxb7 25. a6 Ra7 26. Qxe5 c5 27. d3 f6 28. Qc3
Qd6 29. d4 c4 30. e4 Rxa6 31. d5 Qc5+ 32. Kh1 Rxa1 33. Rxa1 Bd7 34. Rc1 Qb5 35.
h3 Kh8 36. e5 fxe5 37. Qxe5 Bc6 38. Rd1 Qc5 39. Qb8+ Kh7 40. dxc6 Qxc6 41. Qb4
Qe4 42. Rc1 Qe2 43. Qc3 Kh8 44. Kh2 h5 45. Qxc4 b2 46. Qc8+ Kh7 47. Rb1 Qe5+ 48.
Kh1 Qe4 49. Rxb2 Qe1+ 50. Kh2 Qe5+ 51. Kh1 1/2-1/2

[Event "FIDE World Rapid Team"]
[Site "London ENG"]
[Date "2025.06.12"]
[Round "7.4"]
[White "Mhango, Banele"]
[Black "Vincent, Trevor"]
[Result "0-1"]
[WhiteTitle "FM"]
[WhiteElo "2236"]
[BlackElo "2226"]
[WhiteTeam "Mother Continent"]
[BlackTeam "ChessbrahTV"]
[WhiteFideId "14327040"]
[BlackFideId "2605600"]
[EventDate "2025.06.11"]
[EventType "team"]

1. d4 Nf6 2. Nc3 d5 3. Bf4 a6 4. e3 b5 5. Nf3 e6 6. Bd3 Bb7 7. O-O Nbd7 8. Ne2
c5 9. c3 Be7 10. Ne5 O-O 11. h3 Rc8 12. Rc1 Qb6 13. Bg5 Rfe8 14. Nxd7 Nxd7 15.
Bxe7 Rxe7 16. Nf4 e5 17. dxe5 Nxe5 18. Bb1 Rd8 19. Qh5 h6 20. Rfd1 Qf6 21. Qf5
Qxf5 22. Bxf5 g6 23. Bc2 Red7 24. Nd3 Nxd3 25. Bxd3 Kg7 26. Ra1 Bc6 27. Rd2 a5
28. a3 Kf6 29. Rad1 Ke6 30. Be2 Rb8 31. Bf3 b4 32. axb4 axb4 33. c4 Rbd8 34. Ra1
dxc4 35. Rxd7 Bxd7 36. Be2 Ke5 37. Rd1 c3 38. bxc3 b3 39. f4+ Kf6 40. Bc4 b2 41.
Ba2 Ra8 42. Bb1 Ra1 43. e4 Ba4 44. e5+ Ke7 45. Rf1 Bb5 46. Rd1 Bd3 47. Rxd3
Rxb1+ 48. Kh2 Rc1 0-1

[Event "FIDE World Rapid Team"]
[Site "London ENG"]
[Date "2025.06.12"]
[Round "7.5"]
[White "Garcia Martin, Marta"]
[Black "QUICKPEN, Deborah Ebimobo-ere"]
[Result "1-0"]
[WhiteTitle "IM"]
[BlackTitle "WCM"]
[WhiteElo "2339"]
[BlackElo "2081"]
[WhiteTeam "ChessbrahTV"]
[BlackTeam "Mother Continent"]
[WhiteFideId "32084030"]
[BlackFideId "8511616"]
[EventDate "2025.06.11"]
[EventType "team"]

1. e4 c5 2. Nf3 Nc6 3. Bb5 g6 4. O-O Bg7 5. c3 Nf6 6. Re1 O-O 7. d4 cxd4 8. cxd4
d6 9. d5 Nb8 10. h3 a6 11. Bf1 Nbd7 12. Nc3 b5 13. Bf4 Bb7 14. Rc1 Nc5 15. b4
Ncd7 16. a4 bxa4 17. Qxa4 Nb6 18. Qa5 Nbd7 19. Qa3 Ne8 20. Be3 Nc7 21. Nd4 f5
22. exf5 gxf5 23. Nc6 Bxc6 24. dxc6 f4 25. Bd2 Ne5 26. Qb3+ Kh8 27. Nd5 Nxd5 28.
Qxd5 Qc7 29. Re4 Ng6 30. Be2 e5 31. Qa5 Rfc8 32. Bg4 Qxa5 33. bxa5 Rc7 34. Rb4
Ne7 35. Rb7 Rxc6 36. Rxe7 Rxc1+ 37. Bxc1 Bf8 38. Rc7 Rb8 39. Rc8 Rxc8 40. Bxc8
d5 41. Bd2 Kg7 42. Bxa6 Bc5 43. Bb7 d4 44. Be4 Kf6 45. Bxh7 Ke6 46. Be4 Ba7 47.
h4 Kf6 48. Kf1 Kg7 49. Ke2 Kh6 50. g4 Kg7 51. g5 Kf7 52. h5 Kg7 53. h6+ Kf7 54.
g6+ Kg8 55. Bd5+ 1-0

[Event "FIDE World Rapid Team"]
[Site "London ENG"]
[Date "2025.06.12"]
[Round "7.1"]
[White "Orozbaev, Eldiyar"]
[Black "Gurevich, Ilya"]
[Result "1-0"]
[WhiteTitle "IM"]
[BlackTitle "GM"]
[WhiteElo "2367"]
[BlackElo "2586"]
[WhiteTeam "Noval Group Kyrgyzstan"]
[BlackTeam "e-therapeutics"]
[WhiteFideId "13802240"]
[BlackFideId "2000628"]
[EventDate "2025.06.11"]
[EventType "team"]

1. e4 c5 2. c3 e6 3. d4 d5 4. e5 Nc6 5. Nf3 Bd7 6. Be2 Nge7 7. O-O cxd4 8. cxd4
Nf5 9. Na3 Qb6 10. Nc2 Be7 11. Re1 Rc8 12. h3 Nb4 13. Na3 O-O 14. g4 Nh4 15.
Nxh4 Bxh4 16. g5 f6 17. gxf6 gxf6 18. Bh6 fxe5 19. Bb5 Kh8 20. Bxd7 Bxf2+ 21.
Kh1 Bxe1 22. Qxe1 Qxd4 23. Nb5 Qxb2 24. Rb1 Nd3 25. Rxb2 Nxe1 26. Bxc8 Rxc8 27.
Nd6 Rc3 28. Nf7+ Kg8 29. Ng5 Nf3 30. h4 b6 31. Nxf3 Rxf3 32. Rg2+ Kf7 33. Rg7+
Kf6 34. Kg2 Ra3 35. Rg8 e4 36. h5 d4 37. Rf8+ Ke7 38. Rh8 e5 39. Bf8+ 1-0

[Event "FIDE World Rapid Team"]
[Site "London ENG"]
[Date "2025.06.12"]
[Round "7.2"]
[White "Williams, Simon K"]
[Black "Zhakshylykov, Erzhan"]
[Result "1-0"]
[WhiteTitle "GM"]
[BlackTitle "IM"]
[WhiteElo "2444"]
[BlackElo "2362"]
[WhiteTeam "e-therapeutics"]
[BlackTeam "Noval Group Kyrgyzstan"]
[WhiteFideId "404454"]
[BlackFideId "13804111"]
[EventDate "2025.06.11"]
[EventType "team"]

1. d4 Nf6 2. Bg5 d5 3. Nd2 c5 4. dxc5 e6 5. e4 Nc6 6. Bd3 Bxc5 7. Ngf3 h6 8. Bh4
Be7 9. Bg3 Nb4 10. O-O Nxd3 11. cxd3 O-O 12. Rc1 Bd7 13. Qb3 Bc6 14. Ne5 Rc8 15.
Nxc6 bxc6 16. Qb7 Qd7 17. Qxd7 Nxd7 18. Nb3 Nb6 19. Nc5 Rfd8 20. Bf4 dxe4 21.
dxe4 Rd4 22. f3 Rc4 23. Be3 Rd8 24. b3 Rb4 25. Rfd1 Rxd1+ 26. Rxd1 Rb5 27. Rc1
a5 28. Rc2 g5 29. Kf2 Kg7 30. Ke2 Kg6 31. Nd3 a4 32. Rxc6 axb3 33. axb3 Bd8 34.
b4 Na4 35. Kd2 Be7 36. Kc2 Bxb4 37. Rc4 1-0

[Event "FIDE World Rapid Team"]
[Site "London ENG"]
[Date "2025.06.12"]
[Round "7.3"]
[White "Sharshenbekov, Emir"]
[Black "Norwood, David R"]
[Result "0-1"]
[WhiteTitle "CM"]
[BlackTitle "GM"]
[WhiteElo "2091"]
[BlackElo "2494"]
[WhiteTeam "Noval Group Kyrgyzstan"]
[BlackTeam "e-therapeutics"]
[WhiteFideId "13810634"]
[BlackFideId "400106"]
[EventDate "2025.06.11"]
[EventType "team"]

1. e4 g6 2. g3 Bg7 3. Bg2 d6 4. d4 Nf6 5. Ne2 O-O 6. Nbc3 Nc6 7. O-O e5 8. d5
Ne7 9. f4 exf4 10. gxf4 c6 11. dxc6 bxc6 12. h3 Rb8 13. Ng3 d5 14. e5 Ne8 15.
Be3 Rxb2 16. Na4 Rb4 17. c3 Rc4 18. Ne2 Nf5 19. Bf2 Qa5 20. Nb2 Rc5 21. Bxc5
Qxc5+ 22. Kh1 Ne3 23. Qd4 Qxd4 24. Nxd4 Nxf1 25. Rxf1 Nc7 26. Nxc6 Be6 27. Nd3
Nb5 28. Ne7+ Kh8 29. Bxd5 Bxh3 30. Rc1 f6 31. c4 Nc7 32. c5 Re8 33. Nc6 Nxd5 34.
Nxa7 Bf5 35. exf6 Bxf6 36. Ne5 Nxf4 37. Nf7+ Kg7 38. Nd6 Ra8 39. Nab5 Nd3 40.
Nxf5+ gxf5 41. Rc4 Ne5 42. Rc2 Nc6 43. Nd6 f4 44. Rg2+ Kf8 45. Rf2 Ra4 46. Kg2
Be7 47. Nf5 Bxc5 48. Rc2 Ra5 49. Kf3 Be3 50. Nxe3 Nd4+ 51. Kxf4 Nxc2 52. Nxc2
Rxa2 53. Ne3 Kg7 54. Kg5 h6+ 55. Kg4 Kg6 56. Nd5 h5+ 57. Kg3 Kg5 58. Kh3 Rd2 59.
Nb4 h4 60. Nc2 Rd3+ 61. Kh2 Kg4 62. Ne1 Rd2+ 63. Kg1 h3 64. Kh1 Kg3 65. Kg1 Rd1 0-1

[Event "FIDE World Rapid Team"]
[Site "London ENG"]
[Date "2025.06.12"]
[Round "7.4"]
[White "Mortazavi, Ali"]
[Black "Iunusov, Nuriddin"]
[Result "1/2-1/2"]
[WhiteTitle "IM"]
[BlackTitle "CM"]
[WhiteElo "2333"]
[BlackElo "1953"]
[WhiteTeam "e-therapeutics"]
[BlackTeam "Noval Group Kyrgyzstan"]
[WhiteFideId "401323"]
[BlackFideId "13803026"]
[EventDate "2025.06.11"]
[EventType "team"]

1. Nf3 Nf6 2. g3 g6 3. Bg2 Bg7 4. O-O O-O 5. d3 c5 6. e4 d6 7. e5 Ne8 8. exd6
Nxd6 9. Re1 Nc6 10. Nc3 Bf5 11. Bf4 Rc8 12. a4 Re8 13. Qd2 Nd4 14. Nxd4 cxd4 15.
Nb5 Nxb5 16. axb5 Qb6 17. h3 Qxb5 18. Rxa7 Qxb2 19. Rxb7 Qxc2 20. Qxc2 Rxc2 21.
Rexe7 Rxe7 22. Rxe7 Bf6 23. Re8+ Kg7 24. g4 g5 25. gxf5 gxf4 26. Re4 h6 27. Rxf4
Be5 28. Rg4+ Kf6 29. Be4 Rc8 30. f4 Bd6 31. Kf2 Rc2+ 32. Kf3 Rc1 33. Rh4 Bf8 34.
Rg4 Bd6 35. Rh4 Bf8 1/2-1/2

[Event "FIDE World Rapid Team"]
[Site "London ENG"]
[Date "2025.06.12"]
[Round "7.5"]
[White "Sovetbekova, Nurai"]
[Black "Sivanandan, Bodhana"]
[Result "0-1"]
[WhiteTitle "WFM"]
[BlackTitle "WFM"]
[WhiteElo "2007"]
[BlackElo "2109"]
[WhiteTeam "Noval Group Kyrgyzstan"]
[BlackTeam "e-therapeutics"]
[WhiteFideId "13801910"]
[BlackFideId "497592"]
[EventDate "2025.06.11"]
[EventType "team"]

1. d4 d5 2. Bf4 c5 3. e3 Nc6 4. c3 Nf6 5. Nd2 cxd4 6. exd4 Bf5 7. Qb3 Qc8 8. Be2
e6 9. Ngf3 Be7 10. h3 O-O 11. O-O Ne4 12. Nxe4 Bxe4 13. Qd1 Qd7 14. Bd3 Bxd3 15.
Qxd3 h6 16. Rfe1 Bd6 17. Ne5 Bxe5 18. dxe5 Ne7 19. Rad1 Rac8 20. Qe3 a6 21. Rd3
Kh7 22. Qd2 Qb5 23. Qc2 Kh8 24. Qd2 Kh7 25. Be3 Nf5 26. Bd4 Rc4 27. b3 Rc7 28.
Rf3 Rfc8 29. g4 Nxd4 30. Qxd4 Qa5 31. Ree3 Qxa2 32. g5 Qxb3 33. gxh6 gxh6 34.
Qh4 Rg8+ 35. Kh2 Qc4 36. Qh5 Rg6 37. Rg3 a5 38. Ref3 Qe4 39. Rf6 a4 40. Rgf3 Kg7
41. R6f4 Qb1 42. Rg4 a3 43. Qh4 Kh7 44. Qd8 Rxg4 45. hxg4 Qe4 46. Qf6 a2 47. g5
Qg6 48. Qd8 a1=Q 49. Qxc7 Qh5+ 50. Rh3 Qxg5 51. Qxf7+ Qg7 0-1

[Event "FIDE World Rapid Team"]
[Site "London ENG"]
[Date "2025.06.12"]
[Round "7.6"]
[White "Mortazavi, Sami"]
[Black "Zhunusbekova, Aimonchok"]
[Result "0-1"]
[WhiteElo "1805"]
[BlackElo "1890"]
[WhiteTeam "e-therapeutics"]
[BlackTeam "Noval Group Kyrgyzstan"]
[WhiteFideId "343443834"]
[BlackFideId "13810251"]
[EventDate "2025.06.11"]
[EventType "team"]

1. e4 e6 2. d3 d5 3. Nd2 Nf6 4. Ngf3 Be7 5. g3 a5 6. Bg2 a4 7. a3 c5 8. O-O O-O
9. Re1 Nc6 10. e5 Nd7 11. Nf1 b5 12. h4 Qc7 13. Bf4 b4 14. N1h2 Rb8 15. h5 Ba6
16. h6 g6 17. Ng4 Kh8 18. Ng5 bxa3 19. bxa3 c4 20. Bxd5 Bxg5 21. Bxc6 Qxc6 22.
Bxg5 Bb7 23. f3 cxd3 24. cxd3 Qxf3 25. Qxf3 Bxf3 26. Nf6 Nc5 27. Re3 Ba8 28. d4
Nb3 29. Rf1 Rb7 30. Ne4 Nxd4 31. Nd6 Rd7 32. Bf6+ Kg8 33. Bg7 Rb8 34. Rf4 Rb1+
35. Kf2 Rb2+ 36. Kg1 Ne2+ 37. Rxe2 Rxe2 38. Rxa4 Rd2 39. Rb4 Bd5 40. Rf4 Rd8 0-1

[Event "FIDE World Rapid Team"]
[Site "London ENG"]
[Date "2025.06.12"]
[Round "7.1"]
[White "Sagalchik, Gennadij"]
[Black "Eilenberg, Jonas"]
[Result "0-1"]
[WhiteTitle "GM"]
[BlackTitle "FM"]
[WhiteElo "2434"]
[BlackElo "2316"]
[WhiteTeam "Perfect"]
[BlackTeam "Berlin Lasker Legends"]
[WhiteFideId "2007916"]
[BlackFideId "16204271"]
[EventDate "2025.06.11"]
[EventType "team"]

1. d4 d5 2. Nc3 Nf6 3. Bg5 Nbd7 4. Qd2 h6 5. Bh4 c6 6. e4 Nxe4 7. Nxe4 dxe4 8.
O-O-O Nf6 9. Bc4 e6 10. f3 Be7 11. Kb1 b5 12. Bb3 a5 13. a4 e3 14. Qc3 O-O 15.
Bxf6 Bxf6 16. Ne2 Rb8 17. Ng3 bxa4 18. Bxa4 Rb4 19. Qxc6 Bb7 20. Qd7 Qb6 21. Ne4
Rxb2+ 22. Ka1 Qb4 23. Qd6 Bxe4 24. Qxb4 Rxb4 0-1

[Event "FIDE World Rapid Team"]
[Site "London ENG"]
[Date "2025.06.12"]
[Round "7.2"]
[White "Yatskar, Martin"]
[Black "Atlas, Valery"]
[Result "0-1"]
[WhiteTitle "CM"]
[BlackTitle "IM"]
[WhiteElo "2225"]
[BlackElo "2401"]
[WhiteTeam "Berlin Lasker Legends"]
[BlackTeam "Perfect"]
[WhiteFideId "34109676"]
[BlackFideId "12000035"]
[EventDate "2025.06.11"]
[EventType "team"]

1. d4 Nf6 2. c4 c5 3. d5 e5 4. Nc3 d6 5. e4 Nbd7 6. Bd3 Be7 7. Nge2 a6 8. O-O
O-O 9. a4 b6 10. Ra3 Ne8 11. Kh1 Bg5 12. Bxg5 Qxg5 13. g3 Qh5 14. Ng1 Qxd1 15.
Rxd1 g6 16. a5 bxa5 17. Rxa5 Rb8 18. Ra2 f5 19. Nge2 Ndf6 20. f3 fxe4 21. Nxe4
Nxe4 22. Bxe4 Ng7 23. g4 Rb4 24. Rc1 Ne8 25. Kg2 Nf6 26. Ng3 Kg7 27. Bd3 Rb3 28.
Rd1 Rf7 29. Rd2 Rfb7 30. h3 R7b6 31. Ne2 h5 32. g5 Ng8 33. f4 e4 34. Bxe4 Bxh3+
35. Kf2 Bg4 36. Nc1 Rh3 37. Bg2 Rh4 38. Nd3 Ne7 39. b4 Bf5 40. bxc5 dxc5 41.
Nxc5 Rxf4+ 42. Ke3 Rxc4 43. Rxa6 Rbb4 44. Ne6+ Bxe6 45. Rxe6 Nf5+ 46. Kd3 Rd4+
47. Kc3 Rbc4+ 48. Kb3 Rxd2 49. Kxc4 Rxg2 50. Kc3 Rxg5 51. d6 Rg3+ 52. Kd2 Rg4
53. Kc3 Rd4 0-1

[Event "FIDE World Rapid Team"]
[Site "London ENG"]
[Date "2025.06.12"]
[Round "7.3"]
[White "Zlotnik, Boris A"]
[Black "Kunz, Andre"]
[Result "0-1"]
[WhiteTitle "IM"]
[BlackTitle "CM"]
[WhiteElo "2433"]
[BlackElo "2128"]
[WhiteTeam "Perfect"]
[BlackTeam "Berlin Lasker Legends"]
[WhiteFideId "4101413"]
[BlackFideId "24623652"]
[EventDate "2025.06.11"]
[EventType "team"]

1. d4 d5 2. c4 dxc4 3. e3 e5 4. Bxc4 exd4 5. exd4 Bd6 6. Nf3 Nf6 7. O-O O-O 8.
h3 h6 9. Nc3 Nc6 10. Re1 Bf5 11. a3 a6 12. d5 Ne7 13. Nd4 Bg6 14. Qf3 Qd7 15.
Be3 Nf5 16. Nxf5 Qxf5 17. Qxf5 Bxf5 18. Bd4 Nd7 19. Re2 Rfe8 20. Rae1 Rxe2 21.
Rxe2 Kf8 22. g4 Bg6 23. Kg2 Bc5 24. Bxc5+ Nxc5 25. b4 Nd7 26. Re3 Nb6 27. Bb3
Rd8 28. a4 f6 29. a5 Nc8 30. Na4 Bf7 31. Rc3 Ne7 32. Rxc7 Nxd5 33. Bxd5 Bxd5+
34. Kg3 Re8 35. Nb6 Bc6 36. Nd7+ Bxd7 37. Rxd7 Re7 38. Rd6 Kf7 39. Kf4 Re6 40.
Rd7+ Re7 41. Rxe7+ Kxe7 42. Kf5 Kf7 43. h4 g6+ 44. Ke4 Ke6 45. Kd4 Kd6 46. h5
gxh5 47. gxh5 Kc6 48. Ke4 Kb5 49. Kf5 Kxb4 50. Kg6 Kxa5 51. Kxh6 b5 52. Kg6 b4
53. h6 b3 54. h7 b2 55. h8=Q b1=Q+ 56. Kf7 Qa2+ 57. Kg6 Qxf2 58. Qd8+ Qb6 59.
Qd5+ Ka4 60. Qc4+ Ka5 61. Qa2+ Kb5 62. Qb3+ Kc6 63. Qe6+ Kb7 64. Qd7+ Qc7 65.
Qd5+ Qc6 66. Qb3+ Ka7 67. Qe3+ Ka8 68. Qd4 Qe8+ 69. Kg7 Qe7+ 70. Kg6 Qe8+ 71.
Kg7 Qe5 72. Qb6 a5 73. Qa6+ Kb8 74. Qb6+ Kc8 75. Qa6+ Kd7 76. Qb7+ Ke6 77. Qc6+
Kf5 78. Qc2+ Kf4 79. Qf2+ Kg4 80. Qg2+ Qg3 81. Qe4+ Kg5 82. Qd5+ Qe5 83. Qd2+
Kh4 84. Qc2 f5+ 85. Kf7 Qd5+ 86. Kf6 Kg3 87. Qc3+ Kg4 88. Qc1 0-1

[Event "FIDE World Rapid Team"]
[Site "London ENG"]
[Date "2025.06.12"]
[Round "7.4"]
[White "Stein, Theodor"]
[Black "Slavin, Gennadie"]
[Result "1-0"]
[WhiteElo "1877"]
[BlackElo "2207"]
[WhiteTeam "Berlin Lasker Legends"]
[BlackTeam "Perfect"]
[WhiteFideId "34602801"]
[BlackFideId "4104870"]
[EventDate "2025.06.11"]
[EventType "team"]

1. Nf3 Nf6 2. g3 d6 3. d4 g6 4. b3 Bg7 5. Bb2 O-O 6. Bg2 e5 7. dxe5 Ng4 8. O-O
Nc6 9. Qd2 Ngxe5 10. Nxe5 Nxe5 11. c4 Rb8 12. Nc3 Be6 13. Nd5 Bxd5 14. Bxd5 Qe7
15. Rfd1 b5 16. cxb5 Rxb5 17. Bg2 Rb6 18. Rac1 Ng4 19. Bxg7 Kxg7 20. Qd4+ Nf6
21. e3 Re8 22. Bc6 Rd8 23. e4 Rdb8 24. Rc4 Kg8 25. Rdc1 Ng4 26. f4 a5 27. R1c3
h5 28. h3 Nf6 29. Kg2 Nh7 30. Ra4 Nf8 31. Rxa5 h4 32. f5 gxf5 33. Rxf5 Ng6 34.
Bd5 Rf8 35. Qe3 Kg7 36. a4 Rb4 37. Rh5 Rh8 38. Rxh8 Nxh8 39. Rc6 Rb8 1-0

[Event "FIDE World Rapid Team"]
[Site "London ENG"]
[Date "2025.06.12"]
[Round "7.5"]
[White "Arakhamia-Grant, Ketevan"]
[Black "Ho, Ngoc Hai-Dang"]
[Result "1-0"]
[WhiteTitle "GM"]
[WhiteElo "2269"]
[BlackElo "1932"]
[WhiteTeam "Perfect"]
[BlackTeam "Berlin Lasker Legends"]
[WhiteFideId "13600168"]
[BlackFideId "16206509"]
[EventDate "2025.06.11"]
[EventType "team"]

1. e4 e5 2. Nf3 Nc6 3. Bb5 a6 4. Ba4 Nf6 5. d3 Bc5 6. c3 d6 7. O-O b5 8. Bc2 O-O
9. a4 b4 10. a5 Rb8 11. Bg5 Bg4 12. Nbd2 h6 13. Bh4 g5 14. Bg3 Nh5 15. Kh1 Qf6
16. h3 Bd7 17. Nh2 Nf4 18. Ng4 Qg6 19. Ne3 Kh7 20. Nf3 Rbd8 21. d4 Ba7 22. Nf5
Bxf5 23. exf5 Qh5 24. Bxf4 gxf4 25. f6+ Kh8 26. Qd3 Qg6 27. Qxa6 Qxc2 28. Qxc6
Rg8 29. Qxc7 Qg6 30. Rg1 Bb8 31. Qb7 e4 32. Nh2 Qf5 33. a6 Rd7 34. Qxb4 d5 35.
Qb5 Ra7 36. f3 e3 37. Ra5 Rd8 38. Qb6 Rg8 39. Qc6 Rd8 40. Rb5 Bd6 41. Rxd5 Qxf6
42. Ng4 Qe6 43. Rh5 e2 44. Rxh6+ Qxh6 45. Nxh6 Re7 46. Re1 Bb8 47. Qf6+ 1-0

[Event "FIDE World Rapid Team"]
[Site "London ENG"]
[Date "2025.06.12"]
[Round "7.1"]
[White "Amartuvshin, Ganzorig"]
[Black "Villiers, Thomas"]
[Result "1-0"]
[WhiteTitle "IM"]
[BlackTitle "CM"]
[WhiteElo "2430"]
[BlackElo "2158"]
[WhiteTeam "Mongolia-A"]
[BlackTeam "Hammersmith Chess Club"]
[WhiteFideId "4902548"]
[BlackFideId "427209"]
[EventDate "2025.06.11"]
[EventType "team"]

1. d4 Nf6 2. c4 a6 3. Nc3 b5 4. cxb5 axb5 5. Nxb5 e5 6. dxe5 Ne4 7. Nc3 Bb4 8.
Qc2 Bb7 9. Nf3 O-O 10. e3 d5 11. Bd3 f5 12. O-O Bxc3 13. bxc3 Nd7 14. c4 Qe7 15.
cxd5 Bxd5 16. Bc4 c6 17. Bb2 Qe6 18. Bxd5 cxd5 19. Rfd1 Nb6 20. Ne1 Nc4 21. Nd3
g5 22. Bd4 Rfc8 23. Qe2 Na3 24. Rac1 Nb5 25. Nc5 Nbc3 26. Bxc3 Rxc5 27. Bd4 Rca5
28. Rc2 g4 29. Rdc1 h5 30. f3 Ng5 31. fxg4 hxg4 32. Rc6 Qe8 33. Qf2 Qh5 34. Rc8+
Kh7 35. Qxf5+ Qg6 36. R8c7+ Kh6 37. R7c6 Rc8 38. Qxg6# 1-0

[Event "FIDE World Rapid Team"]
[Site "London ENG"]
[Date "2025.06.12"]
[Round "7.2"]
[White "Stewart, Ashley"]
[Black "Munkhdalai, Amilal"]
[Result "0-1"]
[BlackTitle "IM"]
[WhiteElo "2093"]
[BlackElo "2385"]
[WhiteTeam "Hammersmith Chess Club"]
[BlackTeam "Mongolia-A"]
[WhiteFideId "419001"]
[BlackFideId "4903250"]
[EventDate "2025.06.11"]
[EventType "team"]

1. d4 Nf6 2. c4 e6 3. g3 d5 4. Bg2 dxc4 5. Nf3 a6 6. Ne5 Bb4+ 7. Bd2 Qxd4 8.
Qa4+ Nbd7 9. Qxb4 Qxe5 10. Nc3 Qc5 11. Qa4 Nd5 12. Ne4 Qd4 13. Qa3 b5 14. Rd1
Qb6 15. Ba5 b4 16. Bxb6 bxa3 17. Bd4 O-O 18. bxa3 Bb7 19. O-O f5 20. Ng5 Rfe8
21. e4 N5b6 22. exf5 Bxg2 23. Kxg2 exf5 24. Rfe1 Rxe1 25. Rxe1 h6 26. Nf3 Kf7
27. Ne5+ Nxe5 28. Rxe5 Nd7 29. Rxf5+ Ke6 30. Ra5 g6 31. Kf3 Kd6 32. Ke3 c5 33.
Bc3 Kc6 34. Kd2 Nb8 35. f4 Ra7 36. Be5 Kb6 37. Bc3 Nc6 38. Ra4 Kb5 39. g4 Kxa4 0-1

[Event "FIDE World Rapid Team"]
[Site "London ENG"]
[Date "2025.06.12"]
[Round "7.3"]
[White "Munkhzul, Turmunkh"]
[Black "Hanache, Kai"]
[Result "1-0"]
[WhiteTitle "WGM"]
[WhiteElo "2236"]
[BlackElo "2149"]
[WhiteTeam "Mongolia-A"]
[BlackTeam "Hammersmith Chess Club"]
[WhiteFideId "4901878"]
[BlackFideId "490105"]
[EventDate "2025.06.11"]
[EventType "team"]

1. e4 c5 2. Nf3 d6 3. d4 cxd4 4. Nxd4 Nf6 5. Nc3 Nc6 6. Bg5 e6 7. Qd2 a6 8.
O-O-O Bd7 9. f4 Be7 10. Nf3 b5 11. Bxf6 gxf6 12. Kb1 Qb6 13. f5 h5 14. g3 O-O-O
15. Bh3 Qc5 16. fxe6 fxe6 17. Rhf1 Ne5 18. Nd4 Nc4 19. Qd3 Qb4 20. Nb3 Ne5 21.
Qe3 h4 22. Qa7 hxg3 23. Qxa6+ Kb8 24. Qb6+ Kc8 25. Na5 Rdg8 26. Qb7+ Kd8 27.
Qb8+ Bc8 28. Bxe6 Ke8 29. Qxc8+ Bd8 30. Nc6 Nxc6 31. Qd7+ 1-0